Statistics for The top 32 PDC darts players

Click here to take the quiz!

General Stats

  • This quiz has been taken 17 times
  • The average score is 18 of 32

Answer Stats

MeritNationalityAnswer% Correct
4£554,250ScottishGary Anderson
100%
7£408,000WelshGerwyn Price
100%
1£1,612,250DutchMichael van Gerwen
100%
5£526,000Northern IrishDaryl Gurney
92%
3£572,750ScottishPeter Wright
92%
23£180,250AustralianKyle Anderson
83%
8£393,250AustrianMensur Suljovic
83%
9£338,000EnglishJames Wade
75%
15£247,000WelshJonny Clayton
75%
16£240,750EnglishNathan Aspinall
75%
2£811,000EnglishRob Cross
75%
30£148,250BelgianDimitri van den Bergh
67%
6£505,750EnglishMichael Smith
67%
17£240,250EnglishJoe Cullen
58%
29£151,750GermanMax Hopp
58%
32£145,500DutchRaymond van Barneveld
58%
31£146,000SpanishChristo Reyes
50%
12£274,500EnglishIan White
50%
25£170,500BelgianKim Huybrechts
50%
11£298,750EnglishDave Chisnall
42%
28£152,000DutchJelle Klaasen
42%
20£193,250ScottishJohn Henderson
42%
14£247,500EnglishAdrian Lewis
33%
13£250,000EnglishDarren Webster
33%
26£167,750WelshJamie Lewis
33%
10£314,500AustralianSimon Withlock
33%
24£171,750DutchJermaine Wattimena
25%
19£195,750EnglishMervyn King
25%
18£208,250EnglishStephen Bunting
25%
22£190,250EnglishSteve Beaton
17%
21£192,750EnglishSteve West
17%
27£165,750EnglishJames Wilson
0%

Score Distribution

Percentile by Number Answered

Percent of People with Each Score

Your Score History

You have not taken this quiz